000 00517nam a2200169Ia 4500
999 _c27847
_d27847
003 OSt
005 20201127121905.0
008 190216s9999||||xx |||||||||||||| ||und||
040 _coclc
082 _a894.8123
_bKAK/O
100 _aKakkattil, Akbar
_96409
245 0 _aOru Vivaahitante Chila Swakaarya Nimishangal /
_cAkbar Kakkattil
260 _bLipi Publications,
_c2000.
_aKozhikode:
300 _a80p
650 _aMalayalam Novel
942 _cBK
_2ddc
_h894.8123
_iKAK/O
_k894.8123
_mKAK/O